Lo demás es silencio : la vida y obra de eduardo torres /

Guardado en:
Autor Principal: Monterroso, Augusto
Formato: Libro
Publicado: España : Anagrama
Series:Narrativas hispánicas ; Nº 119
Materias:
Etiquetas: Agregar Etiqueta
Sin Etiquetas, Sea el primero en etiquetar este registro!
LEADER 00714nam a22002415a 4500
001 CEM.cems011650
005 20071022125027.0
008 130507b######################000#0#####d
003 CEMS
020 |a 8433909290 
082 0 4 |a G868.4 
100 1 |a Monterroso, Augusto 
245 1 0 |a Lo demás es silencio :  |b la vida y obra de eduardo torres /  |c Augusto Monterroso 
260 |a España :  |b Anagrama 
300 |a 187 p. 
490 0 |a Narrativas hispánicas ; Nº 119 
653 |a Literatura 
653 |a Literatura guatemalteca 
653 |a Narrativa 
653 |a Narrativa guatemalteca 
653 |a Novelas 
653 |a Novelas guatemaltecas 
859 |a CEMS  |b BIB. CEMS - 11 de abril  |h G868.4  |i M765-1  |p 22619.04  |t Ej.1